Elementos de muestreo / (Record no. 173728)
[ view plain ]
| 000 -CABECERA | |
|---|---|
| campo de control de longitud fija | 01188nam a2200349Ia 4500 |
| 001 - NÚMERO DE CONTROL | |
| campo de control | dia_3229 |
| 003 - IDENTIFICADOR DEL NÚMERO DE CONTROL | |
| campo de control | CHAP |
| 005 - FECHA Y HORA DE LA ÚLTIMA TRANSACCIÓN | |
| campo de control | 20230309223410.0 |
| 008 - DATOS DE LONGITUD FIJA--INFORMACIÓN GENERAL | |
| campo de control de longitud fija | 220117s1987 xx 000 0 und d |
| 010 ## - NÚMERO DE CONTROL DE LA BIBLIOTECA DEL CONGRESO | |
| Número de control de LC | 173728 |
| 020 ## - NÚMERO INTERNACIONAL ESTÁNDAR DEL LIBRO | |
| Número Internacional Estándar del Libro | 968-7270-20-9 |
| 040 ## - FUENTE DE LA CATALOGACIÓN | |
| Centro/agencia transcriptor | CHAP |
| 082 ## - NÚMERO DE LA CLASIFICACIÓN DECIMAL DEWEY | |
| Número de clasificación | 519.52 S34 1987 |
| 100 ## - ENTRADA PRINCIPAL--NOMBRE DE PERSONA | |
| Nombre de persona | Scheaffer, Richard L. |
| 9 (RLIN) | 102924 |
| 245 ## - MENCIÓN DE TÍTULO | |
| Título | Elementos de muestreo / |
| Mención de responsabilidad, etc. | Richard L. Scheaffer, William Mendenhall y Lyman Ott ; traducción Gilberto Rendón Sánchez y José Roberto Gómez Aguilar |
| 260 ## - PUBLICACIÓN, DISTRIBUCIÓN, ETC. | |
| Lugar de publicación, distribución, etc. | México : |
| Nombre del editor, distribuidor, etc. | Iberoamérica, |
| Fecha de publicación, distribución, etc. | 1987 |
| 300 ## - DESCRIPCIÓN FÍSICA | |
| Extensión | xiv, 321 p. |
| 500 ## - NOTA GENERAL | |
| Nota general | Título original: Elementary survey sampling |
| 503 ## - NOTA DE HISTORIA BIBLIOGRÁFICA (BK CF MU) [OBSOLETO] | |
| Nota de historia bibliográfica | C/e |
| 504 ## - NOTA DE BIBLIOGRAFÍA, ETC. | |
| Nota de bibliografía, etc. | Bibliografía: p. 303-304 |
| 590 ## - NOTA LOCAL (RLIN) | |
| Nota local | HA31.2 S34 1987 |
| 650 ## - PUNTO DE ACCESO ADICIONAL DE MATERIA--TÉRMINO DE MATERIA | |
| Término de materia o nombre geográfico como elemento de entrada | Muestreo |
| Subdivisión general | Estadística |
| 9 (RLIN) | 150240 |
| 650 ## - PUNTO DE ACCESO ADICIONAL DE MATERIA--TÉRMINO DE MATERIA | |
| Término de materia o nombre geográfico como elemento de entrada | Sampling |
| Subdivisión general | Statistics |
| 9 (RLIN) | 154364 |
| 700 ## - PUNTO DE ACCESO ADICIONAL--NOMBRE DE PERSONA | |
| Nombre de persona | Gómez Aguilar, José Roberto, tr. |
| 9 (RLIN) | 154365 |
| 700 ## - PUNTO DE ACCESO ADICIONAL--NOMBRE DE PERSONA | |
| Nombre de persona | Mendenhall, William, coaut. |
| 9 (RLIN) | 154366 |
| 700 ## - PUNTO DE ACCESO ADICIONAL--NOMBRE DE PERSONA | |
| Nombre de persona | Ott, Lyman, coaut. |
| 9 (RLIN) | 154367 |
| 700 ## - PUNTO DE ACCESO ADICIONAL--NOMBRE DE PERSONA | |
| Nombre de persona | Rendón Sánchez, Gilberto, tr. |
| 9 (RLIN) | 154368 |
| 901 ## - ELEMENTOS DE DATOS A LOCAL LDA (RLIN) | |
| a | 519.52 S34 1987 |
| 902 ## - ELEMENTOS DE DATOS B LOCAL, LDB (RLIN) | |
| a | M |
| 905 ## - ELEMENTOS DE DATOS E LOCAL, LDE (RLIN) | |
| a | 5232271987 mx NM 8222123322spa16 |
| 942 ## - ELEMENTOS DE PUNTO DE ACCESO ADICIONAL (KOHA) | |
| Tipo de ítem Koha | Libro |
| Fuente del sistema de clasificación o colocación | Dewey Decimal Classification |
| Estado de retiro | Estado de pérdida | Fuente del sistema de clasificación o colocación | Estado dañado | Restricciones de uso | No para préstamo | Código de colección | Localización permanente | Ubicación/localización actual | Fecha de adquisición | Fuente de adquisición | Información codificada de la localización en otra ubicación | Coste, precio normal de compra | Número de inventario | Total de préstamos | Signatura topográfica completa | Código de barras | Fecha visto por última vez | Número de copia | Tipo de ítem Koha | Fecha del último préstamo |
|---|---|---|---|---|---|---|---|---|---|---|---|---|---|---|---|---|---|---|---|---|
| Dewey Decimal Classification | Préstamo 5 días | General | Ingenieria Agroindustrial | Ingenieria Agroindustrial | 19/05/1993 | Compra Librería patena f. 7285 / (19-05-93) | 1 | 102.00 | C/e | 519.52 S34 1987 | dia_003779 | 18/01/2022 | 6 | Libro | ||||||
| Dewey Decimal Classification | Préstamo interno | General | Ingenieria Agroindustrial | Ingenieria Agroindustrial | 20/03/1991 | Compra Librería Patena F. 4447 / R. (20/03/1991) | 18000.00 | C/e | 519.52 S34 1987 | dia_003689 | 18/01/2022 | Ej.1 | Libro | |||||||
| Dewey Decimal Classification | Préstamo 5 días | General | Ingenieria Agroindustrial | Ingenieria Agroindustrial | 20/03/1991 | Compra Librería Patena F. 4447 / R. (20/03/1991) | 18000.00 | C/e | 519.52 S34 1987 | dia_003688 | 18/01/2022 | Ej.2 | Libro | |||||||
| Dewey Decimal Classification | Préstamo 5 días | General | Ingenieria Agroindustrial | Ingenieria Agroindustrial | 20/03/1991 | Compra Librería Patena F. 4447 / R. (20/03/1991) | 18000.00 | C/e | 1 | 519.52 S34 1987 | dia_003690 | 13/09/2024 | Ej.3 | Libro | 13/09/2024 | |||||
| Dewey Decimal Classification | Préstamo 5 días | General | Ingenieria Agroindustrial | Ingenieria Agroindustrial | 19/05/1993 | Compra Librería patena f. 7285 / (19-05-93) | 1 | 102.00 | C/e | 519.52 S34 1987 | dia_003778 | 18/01/2022 | 4 | Libro | ||||||
| Dewey Decimal Classification | Préstamo 5 días | General | Ingenieria Agroindustrial | Ingenieria Agroindustrial | 19/05/1993 | Compra Librería patena f. 7285 / (19-05-93) | 1 | 102.00 | C/e | 519.52 S34 1987 | dia_003780 | 18/01/2022 | 5 | Libro |
